Biblioteca

Los filósofos medievales (Registro nro. 64305)

Detalles MARC
000 -LÍDER
Campo fijo de descripción fija 01232nam a2200397 i 4500
001 - NÚMERO DE CONTROL
Campo de control 768714001
003 - IDENTIFICADOR DEL NÚMERO DE CONTROL
Campo de control CO-MdFUSB
005 - FECHA Y HORA DE LA ULTIMA TRANSACCIÓN
control field 20211016115325.0
008 - ELEMENTOS DE LONGITUD FIJA -- INFORMACIÓN GENERAL
Campo fijo de descripción fija -- Información general 970121t1996 sp | ||| ||spa
017 ## - COPYRIGHT OR LEGAL DEPOSIT NUMBER
Copyright or legal deposit number M 40012-1996
Assigning agency Oficina Depósito Legal Madrid
020 ## - NÚMERO INTERNACIONAL NORMALIZADO PARA LIBROS
Número Internacional Normalizado del libro 8479142669
040 ## - FUENTE DE CATALOGACIÓN
Agencia de catalogación original SpMaBN
Idioma de catalogación spa
Agencia que realiza la transcripción CO-MdFUSB
Convenciones de la descripción rdc
Agencia que realiza la modificación CO-MdFUSBC
041 ## - CÓDIGO DE IDIOMA
Código de idioma para texto/pista de sonido o título separado spa
080 #0 - UNIVERSAL DECIMAL CLASSIFICATION NUMBER
Universal Decimal Classification number 1"04/14"(082.2)
082 ## - NÚMERO DE CLASIFICACIÓN DECIMAL DEWEY
Número de la edición del Dewey 22
Número de clasificación 270
Clave de autor-Numero de item F363f
100 1# - ASIENTO PRINCIPAL--NOMBRE PERSONAL
Nombre personal Fernández, Clemente
Término relacionador autor
245 14 - TÍTULO
Título del Material Los filósofos medievales
Parte restante del título - Subtitulo : selección de textos
Mención de responsabilidad, etc. / Clemente Fernández
250 ## - MENCIÓN DE EDICIÓN
Mención de edición Segunda edición
264 #1 - PRODUCCIÓN, PUBLICACIÓN, DISTRIBUCIÓN, MANUFACTURA, Y COPYRIGHT
Lugar de producción, publicación, distribución, manufactura Madrid :
Nombre del productor, publicador, distribuidor Biblioteca de Autores Cristianos
Fecha de producción, publicación, distribución, manufactura, o copyright [1996]
264 #4 - PRODUCCIÓN, PUBLICACIÓN, DISTRIBUCIÓN, MANUFACTURA, Y COPYRIGHT
Fecha de producción, publicación, distribución, manufactura, o copyright © 1996
300 ## - DESCRIPCIÓN FÍSICA
Extensión volumen 1 ;
Dimensiones 20 cm
336 ## - TIPO DE CONTENIDO
Fuente rdacontent
Término de tipo de contenido texto
Código de tipo de contenido txt
337 ## - TIPO DE MEDIO
Fuente rdamedia
Nombre del tipo de medio sin mediación
Código del tipo de medio n
338 ## - TIPO DE SOPORTE
Fuente rdacarrier
Nombre del tipo de soporte volumen
Código Tipo de soporte nc
490 ## - MENCIÓN DE SERIE
Mención de serie Biblioteca de Autores Cristianos
500 #0 - NOTA GENERAL
Nota General En 2 volumenes.
504 ## - NOTA DE BIBLIOGRAFÍA, ETC.
Nota de bibliografía, etc Incluye referencias bibliográficas
505 ## - NOTA DE CONTENIDO
Nota de contenido con formato preestablecido 1. Filosofía patrística, filosofía árabe y judía
563 ## - NOTA DE ENCUADERNACIÓN
Nota de encuadernación Pasta dura
653 ## - TÉRMINO DE INDIZACIÓN - NO CONTROLADO
Término no controlado Filosofía
653 ## - TÉRMINO DE INDIZACIÓN - NO CONTROLADO
Término no controlado Medievales
942 ## - TIPO DE MATERIAL (KOHA)
Tipo de Item KOHA Libros de Referencia
945 ## - INFORMACIÓN LOCAL DEL REGISTRO
Catalogador estudiante
Existencias
Estado de Material Estado de Perdido Forma de Clasificación Estado de Dañado No para Préstamo Colección Biblioteca de Origen Biblioteca Permanente Fecha de Adquisición Forma de Adquisición Total de Préstamos Signatura Topográfica Código de Barras Última vez visto Última vez Préstado Ejemplar/Existencia Fecha de Remplazo Tipo de Material
    Dewey Decimal Classification     Colección de Referencia Biblioteca FUSBC Biblioteca FUSBC 12/06/2018 Compra 1 R 270.092 F363f 3905 10/10/2025 10/07/2018 Vol. 1, ej. 1 12/06/2018 Libros de Referencia

Biblioteca FUSBC | Teléfono: (57+4) 349 88 10 Ext. 141| WhatsApp (+57) 3005338115 
E-mail: biblioteca@unisbc.edu.co | Calle 76 87-14 Robledo Palenque, Medellín, Colombia

Con tecnología Koha